| Record ID | ia:confrontingviole0000gell |
| Source | Internet Archive |
| Download MARC XML | https://archive.org/download/confrontingviole0000gell/confrontingviole0000gell_marc.xml |
| Download MARC binary | https://www.archive.org/download/confrontingviole0000gell/confrontingviole0000gell_meta.mrc |
LEADER: 01080cam a2200277 a 4500
001 97044719
003 DLC
005 20151103075946.0
008 971016s1997 cou b 001 0 eng
010 $a 97044719
020 $a0813390958 (hardcover)
020 $a0813390923 (pbk.)
040 $aDLC$cDLC$dDLC
043 $an-us---
050 00 $aHN90.V5$bG44 1997
082 00 $a303.6/0973$221
100 1 $aGellert, George A.,$d1958-
245 10 $aConfronting violence :$banswers to questions about the epidemic destroying America's homes and communities /$cGeorge A. Gellert ; foreword by Frank Keating, Governor of Oklahoma.
260 $aBoulder, Colo. :$bWestview Press,$c1997.
300 $axx, 298 p. ;$c23 cm.
504 $aIncludes bibliographical references (p. [273-294) and index.
650 0 $aViolence$zUnited States.
650 0 $aViolence$zUnited States$xPrevention.
650 0 $aViolent crimes$zUnited States.
650 0 $aViolent crimes$zUnited States$xPrevention.
856 42 $3Publisher description$uhttp://www.loc.gov/catdir/enhancements/fy0831/97044719-d.html